[Event "COL-ch Amateur"]
[Site "Garzon"]
[Date "2009.11.14"]
[Round "1.1"]
[White "Jimenez, Daniel"]
[Black "Cruz, Jose Gregorio"]
[Result "1-0"]
[WhiteElo "1992"]
[BlackElo "1600"]
[PlyCount "47"]
[EventDate "2009.11.14"]
[EventType "swiss"]
[EventRounds "7"]
[EventCountry "COL"]
[SourceTitle "EXT 2024"]
[Source "ChessBase"]
[SourceDate "2023.10.10"]
[SourceVersion "1"]
[SourceVersionDate "2023.10.10"]
[SourceQuality "1"]

1. e4 e5 2. Nf3 d6 3. d3 h6 4. Nbd2 Nc6 5. g3 Be6 6. Bg2 Nf6 7. 0-0 Qd7 8. Re1 Bg4 9. c3 Be7 10. Nc4 b5 11. Ne3 Be6 12. d4 exd4 13. cxd4 Bh3 14. Bh1 0-0 15. Nh4 Ng4 16. Nhf5 Nxe3 17. Rxe3 Rae8 18. g4 Bf6 19. Rxh3 Ne7 20. g5 Nxf5 21. gxf6 Nxd4 22. Rg3 Nf5 23. exf5 Qxf5 24. fxg7 1-0